000 00700nam a2200289Ia 4500
005 20260324121200.0
008 008 260324s9999 xx 000 0 eng d
020 _a9780203119273
037 _aEBOOK
040 _aCRL
040 _beng
040 _cCRL
041 _2eng
041 _aeng
084 _qCRL
100 _aPaul W. Richardson; Stuart A. Karabenick; Helen M.G. Watt
_91161516
245 0 _aTeacher Motivation
245 0 _bTheory and Practice
260 _bTaylor and Francis
260 _c2014
365 _a
365 _b290
856 _uhttp://www.taylorfrancis.com/books/9780203119273
942 _cEBOOK
999 _c1753453
_d1753453